Central Library OPAC University of Rajshahi

Beyond the "Judgment of civilization" : (Record no. 63105)

MARC details
000 -LEADER
fixed length control field 01151nam a2200313 a 4500
001 - CONTROL NUMBER
control field 63105
003 - CONTROL NUMBER IDENTIFIER
rucl marc code BD-RjUL
005 - DATE AND TIME OF LATEST TRANSACTION
control field 20211209081147.0
008 - FIXED-LENGTH DATA ELEMENTS--GENERAL INFORMATION
fixed length control field 170128s2003 ja b 000 0 eng d
035 ## - SYSTEM CONTROL NUMBER
System control number (BD-RjUL)63233
040 ## - CATALOGING SOURCE
Original cataloging agency DLC
Transcribing agency DLC
Language of cataloging eng
Modifying agency BD-RjUL
041 1# - LANGUAGE CODE
Language code of text/sound track or separate title eng
Language code of original jpn
082 ## - DEWEY DECIMAL CLASSIFICATION NUMBER
Edition number 23
Classification number 952.044
Author mark and year KEB 2003
100 1# - MAIN ENTRY--PERSONAL NAME
Personal name Ushimura, Kei,
Dates associated with a name 1959-
9 (RLIN) 187761
245 10 - TITLE STATEMENT
Title Beyond the "Judgment of civilization" :
Remainder of title the intellectual legacy of the Japanese war crimes trials, 1946-1949 /
Statement of responsibility, etc. Ushimura Kei ; translated by Steven J. Ericson.
250 ## - EDITION STATEMENT
Edition statement 1st English ed.
260 ## - PUBLICATION, DISTRIBUTION, ETC. (IMPRINT)
Place of publication, distribution, etc. Tokyo :
Name of publisher, distributor, etc. International House of Japan,
Date of publication, distribution, etc. 2003.
300 ## - PHYSICAL DESCRIPTION
Pagination xvii, 336 p. ;
Size 24 cm.
504 ## - BIBLIOGRAPHY, ETC. NOTE
Bibliography, etc Includes bibliographical references (p. 327-336).
650 #0 - SUBJECT ADDED ENTRY--TOPICAL TERM
Topical term or geographic name as entry element Tokyo Trial, Tokyo, Japan, 1946-1948.
9 (RLIN) 187763
Topical term or geographic name as entry element War criminals
Geographic subdivision Japan.
9 (RLIN) 187764
Topical term or geographic name as entry element War crime trials
Geographic subdivision Japan.
9 (RLIN) 187765
Topical term or geographic name as entry element East and West.
9 (RLIN) 187766
700 1# - ADDED ENTRY--PERSONAL NAME
Personal name Ericson, Steven J.,
Dates associated with a name 1953-
942 ## - ADDED ENTRY ELEMENTS (KOHA)
Source of classification or shelving scheme Dewey Decimal Classification
Koha item type Books
Holdings
Lost status Source of classification or shelving scheme Damaged status Not for loan Collection code Permanent Location Current Location Shelving location Date acquired Source of acquisition Total Checkouts Full call number Date last seen Copy number Koha item type
  Dewey Decimal Classification   Not For Loan Non-fiction Central Library, University of Rajshahi Central Library, University of Rajshahi Reading Room 02/01/2008 Author   952.044 KEB 2003 28/01/2017 C-1 Books